Baroque architecture / (Record no. 352349)

000 -LEADER
fixed length control field 01082 a2200289 4500
003 - CONTROL NUMBER IDENTIFIER
control field OSt
005 - DATE AND TIME OF LATEST TRANSACTION
control field 20180116192332.0
008 - FIXED-LENGTH DATA ELEMENTS--GENERAL INFORMATION
fixed length control field 120419t xxu||||| |||| 00| 0 eng d
010 ## - LIBRARY OF CONGRESS CONTROL NUMBER
LC control number 2004274108
020 ## - INTERNATIONAL STANDARD BOOK NUMBER
International Standard Book Number 1904313108
040 ## - CATALOGING SOURCE
Transcribing agency 0
082 04 - DEWEY DECIMAL CLASSIFICATION NUMBER
Classification number 724.19
100 1# - MAIN ENTRY--PERSONAL NAME
Personal name Norberg-Schulz, Christian.
9 (RLIN) 748
245 10 - TITLE STATEMENT
Title Baroque architecture /
Statement of responsibility, etc. Christian Norberg-Schulz.
260 ## - PUBLICATION, DISTRIBUTION, ETC.
Place of publication, distribution, etc. Milano :
Name of publisher, distributor, etc. Electa Architecture ;
Place of publication, distribution, etc. [London ;
-- New York] :
Name of publisher, distributor, etc. Distributed by Phaidon Press,
Date of publication, distribution, etc. c2003.
300 ## - PHYSICAL DESCRIPTION
Extent 223 p. :
Other physical details ill. (some col.) ;
Dimensions 24 cm.
490 1# - SERIES STATEMENT
Series statement History of world architecture
500 ## - GENERAL NOTE
General note Includes index
505 ## - FORMATTED CONTENTS NOTE
Formatted contents note 1. The Baroque age 2. The city 3. The church 4. the palace 5. The diffusion of baroque architecture
650 #0 - SUBJECT ADDED ENTRY--TOPICAL TERM
Topical term or geographic name entry element Architecture, Baroque.
9 (RLIN) 749
650 #0 - SUBJECT ADDED ENTRY--TOPICAL TERM
Topical term or geographic name entry element Europe
9 (RLIN) 750
650 #0 - SUBJECT ADDED ENTRY--TOPICAL TERM
Topical term or geographic name entry element Baroque architecture
9 (RLIN) 751
650 #0 - SUBJECT ADDED ENTRY--TOPICAL TERM
Topical term or geographic name entry element Architecture
Geographic subdivision Latin America
General subdivision Congresses
9 (RLIN) 752
830 #0 - SERIES ADDED ENTRY--UNIFORM TITLE
Uniform title History of world architecture (Electa editrice)
9 (RLIN) 753
942 ## - ADDED ENTRY ELEMENTS (KOHA)
Institution code [OBSOLETE] SADA
Koha item type Book
Call number prefix 724.09 NOR 2003
Source of classification or shelving scheme
Holdings
Withdrawn status Lost status Source of classification or shelving scheme Damaged status Not for loan Permanent Location Current Location Date acquired Total Checkouts Full call number Barcode Date last seen Date last checked out Cost, replacement price Price effective from Koha item type
          School of Art Design and Architecture (SADA) School of Art Design and Architecture (SADA) 09/29/2010 2 724.09 NOR 2003 SADA0000267 06/14/2012 06/14/2012 2638.00 08/05/2011 Book
© 2023 Central Library, National University of Sciences and Technology. All Rights Reserved.